000 01330nam a2200397 i 4500
001 52835
003 KOSZ 005
005 20220729134032.0
008 070909s2007 pl a f |000 0 pol
020 _a8388840592
040 _cKOSZ 005
_aKOSZ 005
_dKOSZ005/HR
041 0 _apol
046 _k2005
080 _a658.14/.17
080 _a334.72
080 _a657.92
080 _a(075.8)
245 0 0 _aWycena i zarządzanie wartością firmy :
_bpraca zbiorowa /
_cpod red. Andrzeja Szablewskiego i Rafała Tuzimka ; aut. Andrzej Cwynar [et al.].
250 _a[Dodruk].
260 _aWarszawa :
_b"Poltext",
_c2007.
300 _a564 s. :
_brys., wykr. ;
_c25 cm.
380 _aKsiążki
388 _a2001-
504 _aBibliogr. s. 555-564. Indeks.
650 4 _aAnaliza wartości
650 4 _aFinanse przedsiębiorstwa
650 4 _aZarządzanie finansami
650 4 _aWycena przedsiębiorstwa
658 _aGospodarka, ekonomia, finanse
700 1 _aSzablewski, Andrzej T.
_eRedakcja
700 1 _aTuzimek, Rafał
_eRedakcja
700 1 _aCwynar, Andrzej
_eAutor
710 2 _aWydawnictwo Poltext
_4pbl.
856 _uhttp://koha.tu.koszalin.pl/cgi-bin/koha/opac-detail.pl?biblionumber=52835
_yKatalog online BPK
942 _cKS
_2UKD
999 _c52835
_d52835